| 000 | 00426nam a2200181Ia 4500 | ||
|---|---|---|---|
| 003 | 0STCL | ||
| 008 | 150530s9999 xx 000 0 und d | ||
| 040 |
_aSTCL _cSTCL |
||
| 100 | _aDas, V.B.M.;Sivayya, K.V. | ||
| 245 | _aIndian industrial economy | ||
| 250 | _aFifth | ||
| 260 |
_bS.Chand and co.;Delhi _c1983 _aDelhi |
||
| 300 | _a0 | ||
| 546 | _aEnglish | ||
| 942 |
_2ddc _cBK |
||
| 999 |
_c12034 _d12034 |
||
| 005 | 20220125165617.0 | ||